00333nam a2200145Ia 4500008004100000020001800041041000800059082001300067100001300080245003100093260002600124300000800150365001600158700001300174230718s9999 xx 000 0 und d a9789380154121 aeng a813bMIN aMinas A. aEmbracing DestinybMemoirs c2010bLead Start Pub. a600 cRs.b595.00 aMinas A.